000 01269nam a2200313 4500
001 0000017544
003 CO-CtgCURN
005 20250421174433.0
007 ta
008 160627s1999 000 0 eng d
020 _a8448602285
040 _aCO-CtgCURN
_bspa
_ccoctgcurn
082 0 _a610.73
_bT225
245 0 0 _aTécnicas en enfermería clínica /
_cBarbara Kozier [et...al].
250 _a4a ed.
260 _aMadrid :
_bMcGraw Hill-Interamericana,
_c1999.
300 _a558 p.
336 _2rdacontent
337 _2rdamedia
_asin mediacion
_bn
338 _2rdacarrier
_avolumen
_bnc
500 _aIncluye indice.
505 8 _antroducción a la enfermeria.--El proceso de enfermeria.--Registros e informes.--Ayuda y comunicación.--Enseñanza.--Comodidad y seguridad del cliente.--Ingresos.--Traslados, alta y asistencia posmorten.--Prevencion de la transmision de microorganismos.--Constantes vitales.--Valoracion de la salud del adulto.--Higiene de la piel
650 1 4 _aEnfermeria de cuidados intensivos.
700 1 _aErb, Glenora.
908 _a160627
942 _cBK
_h610.73
_iT225
_2ddc
_n0
999 _c21390
_d21390